000
00308nam a22001337a 4500
008
181101b xxu||||| |||| 00| 0 eng d
020
_a
0312057172
041
_a
eng
080
_2
3 th
_a
370
100
_a
47
101
_a
edu
245
_a
The Bedford Handbook For Writers
_c
Glenn.B
942
_2
udc
_c
BK
999
_c
51554
_d
51554